00552nam a2200181 a 450000100100000000500170001000800410002702000150006804000250008308200130010810000190012124500660014026000370020630000280024349000120027150000730028383000140035600004311720201002040641.0140219s1996 sp ac 001 0 spa d a8480680377 aDO-SdBNPbspacBNPHU axxxbxxx1 aCueto, Roberto10aCien bandas sonoras en la historia del cine /cRoberto Cueto. aMadrid :bNuer Ediciones,c1996. a480 p. :bil. ;c20 cm.1 aNuerv1 aIncluye referencias bibliográficas y notas al pie de las páginas 0aNuer ;n1